| 000 | 00639nam a2200181 i 4500 | ||
|---|---|---|---|
| 001 | 190132 | ||
| 003 | ES-MaACL | ||
| 005 | 20230906223641.0 | ||
| 008 | 200731s1845 sp |||| | spa d | ||
| 080 | _a342.951(460):353.2 | ||
| 080 | _a351.95(460) | ||
| 245 | 0 | 0 | _aReglamento sobre el modo de proceder los consejos provinciales en los negocios contenciosos de la Administración. |
| 260 |
_aMadrid : _b[s.n.], _c1845 ( _fImp. Nacional) |
||
| 300 |
_a19 p. ; _c22 cm. |
||
| 650 | 4 |
_aAdministración provincial- _zEspaña. _9148419 |
|
| 650 | 4 |
_aProcedimiento contencioso administrativo- _zEspaña. _916424 |
|
| 852 | 4 |
_aES-MaACL _jT-140-F-8 |
|
| 999 |
_c190132 _d190132 |
||